00597nam a22001817a 450000500170000001000150001702000260003203500130005803700130007108200110008410000190009524501540011425000160026826000420028427000430032630000270036970000190039620140616124611.0 aENG-110121 a9789325968851c250.00 aEN-93654 bDBAD/PUB a346.07 aKuchhal, M.C.  aBusiness laws :cby M.C. Kuchhal [and] Vivek Kuchhalbfor four year undergraduate programme in commerce, semester-I, paper DCI-1, University of Delhi a3rd rev. ed aNoida bVikas Publishing House c2013 aE-28, Sector-8, Noida bNoida e201301 axxiv,360p. c22cm(pbk) aKuchhal, Vivek